Employability of the graduates of Bachelor of Science in Hotel and Restaurant Management (BSHRM) and Associate in Computer Technology (ACT) of Cavite State University-Rosario, Rosario Cavite, S.Y. 2003-2004 to 2004-2005 / (Record no. 3991)
[ view plain ]
| 000 -LEADER | |
|---|---|
| fixed length control field | 01496nam a22003137a 4500 |
| 003 - CONTROL NUMBER IDENTIFIER | |
| control field | OSt |
| 005 - DATE AND TIME OF LATEST TRANSACTION | |
| control field | 20250405040413.0 |
| 008 - FIXED-LENGTH DATA ELEMENTS--GENERAL INFORMATION | |
| fixed length control field | 250324b ||||| |||| 00| 0 eng d |
| 040 ## - CATALOGING SOURCE | |
| Language of cataloging | English. |
| Transcribing agency | CvSU-CCAT Campus Library. |
| Description conventions | rda. |
| 050 ## - LIBRARY OF CONGRESS CALL NUMBER | |
| Classification number | UM HF 5381 |
| Item number | B53 2006 |
| 100 ## - MAIN ENTRY--PERSONAL NAME | |
| Personal name | Blanca, Elizabeth L., author. |
| 9 (RLIN) | 15566 |
| 245 ## - TITLE STATEMENT | |
| Title | Employability of the graduates of Bachelor of Science in Hotel and Restaurant Management (BSHRM) and Associate in Computer Technology (ACT) of Cavite State University-Rosario, Rosario Cavite, S.Y. 2003-2004 to 2004-2005 / |
| Statement of responsibility, etc. | Elizabeth L. Blanca, Rizzaleen R. Gonzales, Michael Joseph A. Lapid. |
| 260 ## - PUBLICATION, DISTRIBUTION, ETC. | |
| Place of publication, distribution, etc. | Rosario, Cavite : |
| Name of publisher, distributor, etc. | Cavite State University-CCAT Campus, |
| Date of publication, distribution, etc. | 2006 |
| 300 ## - PHYSICAL DESCRIPTION | |
| Extent | vii, 23 leaves : |
| Other physical details | illustrations ; |
| Dimensions | 28 cm |
| 500 ## - GENERAL NOTE | |
| General note | Undergraduate Thesis (BSIE Majors in Food and Electronics Technology) -- Cavite State University-CCAT Campus, 2006. |
| 504 ## - BIBLIOGRAPHY, ETC. NOTE | |
| Bibliography, etc. note | Includes bibliographical references and appendices. |
| 546 ## - LANGUAGE NOTE | |
| Language note | In English text |
| 650 ## - SUBJECT ADDED ENTRY--TOPICAL TERM | |
| Topical term or geographic name entry element | Employability. |
| 9 (RLIN) | 9503 |
| 650 ## - SUBJECT ADDED ENTRY--TOPICAL TERM | |
| Topical term or geographic name entry element | BSHRM -- Employability. |
| 9 (RLIN) | 15967 |
| 650 ## - SUBJECT ADDED ENTRY--TOPICAL TERM | |
| Topical term or geographic name entry element | Graduate employment. |
| 9 (RLIN) | 15370 |
| 650 ## - SUBJECT ADDED ENTRY--TOPICAL TERM | |
| Topical term or geographic name entry element | ACT -- Employment. |
| 9 (RLIN) | 15968 |
| 650 ## - SUBJECT ADDED ENTRY--TOPICAL TERM | |
| Topical term or geographic name entry element | Tracer studies. |
| 9 (RLIN) | 15969 |
| 650 ## - SUBJECT ADDED ENTRY--TOPICAL TERM | |
| Topical term or geographic name entry element | ACT -- Graduates. |
| 9 (RLIN) | 15970 |
| 700 ## - ADDED ENTRY--PERSONAL NAME | |
| Personal name | Gonzales, Rizzaleen R., author. |
| 9 (RLIN) | 15567 |
| 700 ## - ADDED ENTRY--PERSONAL NAME | |
| Personal name | Lapid, Michael Joseph A., author. |
| 9 (RLIN) | 15568 |
| 700 ## - ADDED ENTRY--PERSONAL NAME | |
| Personal name | Merced, Caridad S., adviser. |
| 9 (RLIN) | 10334 |
| 942 ## - ADDED ENTRY ELEMENTS (KOHA) | |
| Source of classification or shelving scheme | Library of Congress Classification |
| Koha item type | Thesis/Manuscripts/Dissertations |
| Call number prefix | UM |
| Classification part | HF 5381 B53 2006 |
| Withdrawn status | Lost status | Source of classification or shelving scheme | Damaged status | Not for loan | Collection code | Home library | Current library | Shelving location | Date acquired | Coded location qualifier | Full call number | Barcode | Date last seen | Copy number | Price effective from | Koha item type |
|---|---|---|---|---|---|---|---|---|---|---|---|---|---|---|---|---|
| Library of Congress Classification | Thesis/Manuscript/Dissertation | Cavite State University - CCAT Campus | Cavite State University - CCAT Campus | TH | 03/20/2007 | UM | UM HF 5381 B53 2006 | T0000323 | 10/24/2025 | 1 | 03/24/2025 | Thesis/Manuscripts/Dissertations |
